|
|
|
|
| LEADER |
01239nam a2200253 i 4500 |
| 001 |
10064758 |
| 003 |
GR-PaULI |
| 005 |
20240131093726.0 |
| 008 |
071205s2013 gr 1 gre d |
| 952 |
|
|
|0 0
|1 0
|2 ddc
|4 0
|6 889_090000000000000_ΑΓΓ
|7 0
|9 368780
|a LISP
|b LISP
|c DON
|d 2023-02-14
|e ΠΑΤ
|i 147506
|l 0
|o 889.09 ΑΓΓ
|p 025000274395
|r 2023-02-14 00:00:00
|t 1
|w 2023-02-14
|y BKN
|
| 999 |
|
|
|c 215497
|d 215497
|
| 020 |
|
|
|a 9789609570169
|
| 040 |
|
|
|a GR-PaULI
|c gre
|b GR-PaULI
|e AACR2
|
| 082 |
0 |
4 |
|a 889.09
|2 23
|
| 100 |
1 |
|
|a Αγγελής, Δημήτρης,
|d 1973-
|e συγγραφέας.
|9 17191
|
| 245 |
1 |
0 |
|a Δύσκολη αδελφοσύνη :
|b κείμενα για την "αδελφή μου" του Σταύρου Ζουμπουλάκη /
|c Δημήτρης Αγγελής, Μιχάλης Πάγκαλος, Νατάσα Κεσμέτη.
|
| 260 |
|
|
|a Αθήνα :
|b Manifesto Πολιτική - Πολιτισμός,
|c 2013.
|
| 300 |
|
|
|a 43 σ. ;
|c 21 εκ.
|
| 490 |
1 |
|
|a Φρέαρ
|v 1
|
| 700 |
1 |
|
|9 82289
|a Πάγκαλος, Μιχάλης
|e συγγραφέας.
|
| 700 |
1 |
|
|a Κεσμέτη, Νατάσα,
|d 1947-
|e συγγραφέας.
|9 135840
|
| 830 |
|
0 |
|9 196099
|a Φρέαρ (Manifesto)
|
| 942 |
|
|
|2 ddc
|c BK
|
| 998 |
|
|
|c ΜΠΟΥΡΑΣ
|d 2023-02
|